LEADER 00937nam--2200361---450- 001 990001859330203316 005 20040716160048.0 035 $a000185933 035 $aUSA01000185933 035 $a(ALEPH)000185933USA01 035 $a000185933 100 $a20040716d1975----km-y0itay0103----ba 101 0 $aita 102 $aIT 105 $a||||||||001yy 200 1 $aGaribaldi$fJasper Ridley$gtraduzione di Mino Milani 210 $aMilano$cA. Mondadori$d1975 215 $a847 p.$d22 cm 225 2 $a<> scie 410 0$12001$a<> scie 454 1$12001 461 1$1001-------$12001 600 1 $aGaribaldi,$BgIUSEPPE 676 $a945.083 092 700 1$aRIDLEY,$bJasper$0484325 801 0$aIT$bsalbc$gISBD 912 $a990001859330203316 951 $aPAP 181$bL.M.$cPAP 959 $aBK 969 $aUMA 979 $aSIAV3$b10$c20040716$lUSA01$h1600 996 $aGaribaldi$9857693 997 $aUNISA LEADER 01529nam0 22003013i 450 001 VAN0109870 005 20221214095855.807 010 $a978-88-15-24516-8 100 $a20170614d2013 |0itac50 ba 101 $aeng 102 $aIT 105 $a|||| ||||| 200 1 $aDemocracy and subsidiarity in the EU$enational parliaments, regions and civil society in the decision-making process$fedited by Marta Cartabia, Nicola Lupo, Andrea Simoncini 210 $aBologna$cIl mulino$d2013 215 $a506 p.$d22 cm. 410 1$1001VAN0103542$12001 $aPercorsi. Diritto$1210 $aBologna$cil Mulino. 620 $dBologna$3VANL000003 702 1$aCartabia$bMarta$3VANV000055 702 1$aLupo$bNicola$3VANV005414 702 1$aSimoncini$bAndrea$3VANV003900 712 $aIl Mulino $3VANV107886$4650 801 $aIT$bSOL$c20230616$gRICA 856 4 $u/sebina/repository/catalogazione/documenti/Democracy and subsidiarity in the EU - national parliaments, regions and civil society in the decision-making process.pdf$zDemocracy and subsidiarity in the EU - national parliaments, regions and civil society in the decision-making process.pdf 899 $aBIBLIOTECA DEL DIPARTIMENTO DI SCIENZE POLITICHE JEAN MONNET$1IT-CE0182$2VAN04 912 $aVAN0109870 950 $aBIBLIOTECA DEL DIPARTIMENTO DI SCIENZE POLITICHE JEAN MONNET$d04CONS IV.H.b.42 $e04OMA425 20170614 996 $aDemocracy and subsidiarity in the EU$9835372 997 $aUNICAMPANIA